书目信息 |
| 题名: |
一个东方女人眼中的美国
|
|
| 作者: | 甘露 著 | |
| 分册: | ||
| 出版信息: | 北京 蓝天出版社 1995.08 |
|
| 页数: | 245页 | |
| 开本: | 32开 | |
| 丛书名: | ||
| 单 册: | ||
| 中图分类: | I25 | |
| 科图分类: | ||
| 主题词: | 报告文学--中国 , 传记文学--中国 | |
| 电子资源: | ||
| ISBN: | 7-80081-590-0 | |
| 000 | 00584nam0 2200205 45 | |
| 001 | 0010041663 | |
| 005 | 20001004165810.5 | |
| 010 | @a7-80081-590-0@d9.80元 | |
| 100 | @a20001004d1995 km y0chiy0120 ea | |
| 101 | 0 | @achi |
| 105 | @a z 000yy | |
| 200 | 1 | @a一个东方女人眼中的美国@AYi Ge Dong Fang Nu Ren Yan Zhong De Mei Guo@f甘露 著@FGan Lu Zhu |
| 210 | @a北京@c蓝天出版社@d1995.08 | |
| 215 | @a245页@d32开 | |
| 606 | 0 | @a报告文学@x中国 |
| 606 | 0 | @a传记文学@x中国 |
| 690 | @aI25@v3 | |
| 701 | 0 | @a甘露@4著 |
| 801 | @aCN@bPftUser@c20001004 | |
| 905 | @b165829-831@dI25@eG.588@f3 | |
| 一个东方女人眼中的美国/甘露 著.-北京:蓝天出版社,1995.08 |
| 245页;32开 |
| ISBN 7-80081-590-0:9.80元 |
| ● |
| 相关链接 |
|
|
|
正题名:一个东方女人眼中的美国
索取号:I25/G.588
 
预约/预借
| 序号 | 登录号 | 条形码 | 馆藏地/架位号 | 状态 | 备注 |
| 1 | 165829 | 201658296 | 文学库108/108文学库 65排4列5层/ [索取号:I25/G.588] | 在馆 | |
| 2 | 165830 | 201658303 | 社科二线400B/400B社科库 21排4列2层/ [索取号:I25/G.588] | 在馆 | |
| 3 | 165831 | 201658312 | 文学库108/108文学库 65排4列5层/ [索取号:I25/G.588] | 在馆 |